Responses for Show #1072 - Tuesday, April 11, 1989

Contestants

[<< previous game]

Tom Smolich, a Catholic priest originally from Sacramento, California

Gail Sachs, a service representative from Fresh Meadows, New York

Jim Breed, a mechanical engineer from Kansas City, Missouri (whose 1-day cash winnings total $11,499)

[next game >>]

Jeopardy! Round responses

U.S.A.
ACTORS
GEMS & JEWELRY
BASEBALL HISTORY
WORLD RELIGION
4-LETTER WORDS
    $100 11
Alabama

Jim
    $100 18
Don Johnson

Jim
    $100 16
Egypt

Gail
    $100 2
Boston

Jim
    $100 1
Islam

Tom
    $100 17
a visa

Tom
    $200 12
Ohio

Jim
    $200 23
Leonard Nimoy

Tom
    $200 26
the Mediterranean

Tom
    $200 3
(Jim: What is three balls?)

a hit

JimTom
    $600 7
(Jim: Who is Muhammad?)

Buddha

Jim
    $200 19
turf

Tom
    $300 13
Reno & Las Vegas

Gail
    $300 24
(Alex: And we have a minute to go in the round.)

Robert Preston

Jim
    $300 28
turquoise

Jim
    $300 4
(Philadelphia) Athletics

Tom
    $300 8
(Russian) Orthodox Church

Tom
    $300 20
gout

Tom
    $400 14
New Jersey

Jim
    $400 25
George Peppard

Gail
    $400 29
the Duchess of Windsor

Gail
    $400 5
the Cy Young Award

Jim
    $400 9
(Jim: What is Lutheran?)
(Gail: I'm sorry.)

the Dutch Reformed Church

JimGail
Triple Stumper
    $400 21
Nick

Gail
    $500 15
Quantico

Gail
    $500 27
John Cleese

Tom
    $500 30
Africa

Jim
    $500 6
"where they ain't"

Jim
    $500 10
John Wesley

Jim
    $500 22
bunk

Jim

Scores at the first commercial break (after clue 10):

Jim Gail Tom
$300 -$400 $900

Scores at the end of the Jeopardy! Round:

Jim Gail Tom
$2,700 $1,700 $2,400

Double Jeopardy! Round responses

AROUND THE HOUSE
LITERARY TRIVIA
PHYSICAL SCIENCE
TRAVEL & TOURISM
COLORS
(Alex: In the first round, we had 4-LETTER WORDS; we now have...)
4-LETTER BIRDS
    $200 17
a whip

Tom
    $200 4
Rebecca of Sunnybrook Farm

Jim
    $200 5
geodesic

Jim
    $200 22
Baker Street

Tom
    $200 1
rouge

Gail
    $200 16
a kite

Tom
    $400 18
House Resolution

Jim
    $400 9
(Tom: Who is Friar John?)

Friar Tuck

JimTom
    $400 6
convex

Gail
    $400 23
(Gail: What is TWA?)

Delta

Gail
Triple Stumper
    $400 2
amber

Gail
    $400 28
[The end-of-round signal sounds.]

the loon

Gail
    $600 19
(2 of) the District of Columbia, Puerto Rico, the Virgin Islands & Guam

Tom
    $600 13
"The Real Thing"

Tom
    $2,000 10
(Jim: What is a meteorite shower?)
(Alex: [*], meteorite shower, you got it.)
[ERRATUM: A "meteorite shower" is different from a "meteor shower".]

meteor shower

Jim
    $600 24
the Queen Elizabeth 2

Tom
    $600 3
yellow

Tom
    $800 20
(Gail: Who is the Speaker of the House?)

the Clerk of the House

Gail
Triple Stumper
    $800 14
pale

Jim
    $800 11
Kelvin

Gail
    $800 25
(Alex: And we've got a minute to go.)

Eurail

Jim
    $800 7
pea green

Tom
    $2,500 21
a caucus

Tom
    $1000 15
"The Man Who Would Be King"

Jim
    $1000 12
graphite

Jim
    $1000 26
(Gail: What is Hokkaido?)

Mikimoto

Gail
Triple Stumper
    $1000 8
the Orange River

Triple Stumper
    $1000 27
the ibis

Tom

Scores at the end of the Double Jeopardy! Round:

Jim Gail Tom
$9,500 $1,700 $9,300

[wagering suggestions for these scores]

Final Jeopardy! Round responses

THE CALENDAR
GailWhat is Xmas?
$1,700
TomWhat is Halloween?
$5,800
JimWhat is Halloween
$9,499
Halloween

Final scores:

Jim Gail Tom
$18,999 $0 $15,100
2-day champion: $30,498 3rd place: Regal stainless steel cookware set 2nd place: trip to Gold Mountain Chalet Resort in Catskill Mountains

Game dynamics:

Coryat scores:

Jim Gail Tom
$8,700 $1,700 $7,800
21 R
(including 1 DD),
3 W
(including 1 DD)
11 R,
4 W
20 R
(including 1 DD),
1 W

Combined Coryat: $18,200

[game clues] [game scores] [suggest correction]

Game tape date: 1988-12-13
The J! Archive is created by fans, for fans. Scraping, republication, monetization, and malicious use prohibited; this site may use cookies and collect identifying information. See terms. The Jeopardy! game show and all elements thereof, including but not limited to copyright and trademark thereto, are the property of Jeopardy Productions, Inc. and are protected under law. This website is not affiliated with, sponsored by, or operated by Jeopardy Productions, Inc. Join the discussion at JBoard.tv.